00641 2200229 4500001002100000005001700021008004100038020001800079035002400097082001100121090001800132100002500150245007800175250001100253260003200264300002500296650002400321850001600345990002000361999001500381999001500396YOGYA-0209000001575320090227022551.0 ind  a979-518-538-1 0010-020900000015753 a347.05 a347.05bSit P aSITUMORANG, Victor M aPerdamaian dan perwasitan dalam hukum acara perdatacVictor M. Situmorang aCet. 1 aJakartabRineka Ciptac1993 aviii, 141 hlmc21 cm aHukum acara perdata aYOPDYOG (B) a2961-PN/P/01b1 a97P0094258 a97P0094259